000 00874cam a2200277 4500
008 090401t1996 xxu||||| |||| 00| 0 eng d
020 _a0854065393
035 _a(Sirsi) u55804
041 _aeng
050 _a526.9
_c18
090 _aRICS 1996/11ABCD
110 _aRoyal Institution of Chartered Surveyors
_94900
245 _aSurveys of land, buildings and utilities services at scales 1:500 and larger
_bclient specification guidelines
250 _a2nd ed
260 _aLondon
_bRICS
_c1996
300 _aix, 50, 19p.
_bill.
_c30cm.
350 _a27.50
490 _aRICS Guidance Note
520 _aAccompanied by computer disc (L147267). Superseded by the 3rd Edition, 8 December 2014.
650 _aBUILDING SURVEYS
650 _aLAND SURVEYS
650 _aUtilities
_96272
690 _aMAPPING AND MEASUREMENT
942 _n0
948 _c04/03/1997
999 _c93654
_d93654